| 000 | 00741nam a22002292 4500 | ||
|---|---|---|---|
| 001 | 0000021548 | ||
| 005 | 20151217152235.0 | ||
| 008 | 120719s xx 000 0 eng d | ||
| 020 | _a0310510910 : | ||
| 040 |
_aKABU _cKABU |
||
| 100 | 1 |
_aAdams, Jay E. _@0000149655 |
|
| 245 | 1 | 0 |
_aPreaching with purpose : _bthe urgent task of homiletics / _cJay E. Adams. |
| 250 | _a1st ed. | ||
| 260 |
_aMichigan : _bZondervan, _c1982. |
||
| 300 | _axiv, 162 p. | ||
| 650 | 0 |
_aPreaching. _@0000148272 |
|
| 852 | 1 | _9p650 KES | |
| 852 | 1 | _9p650 KES | |
| 852 | 1 | _9p650 KES | |
| 908 | _a120719 | ||
| 950 | _@1 | ||
| 999 |
_c9718 _d9718 |
||